000 00695nam a2200217Ia 4500
003 IN-BaIIA
008 211028s9999 xx s 000 0 eng d
020 _a978-2-7598-0662-1 (Online)
022 _a1633-4760 (Print)
022 _a1638-1963 (Online)
040 _cIIA Library
100 _aKoleva, M., ed.
_938213
245 0 _aCRAL-2010 A Universe of Dwarf Galaxies
_h[eBook]
260 _aFrance
_bEDP Sciences
_c2011
300 _aiv, 474p.
490 _aEAS Publications Series
700 _aPrugniel, Ph.
_938214
700 _aVauglin, I.
_938215
856 _uhttps://www.eas-journal.org/articles/eas/abs/2011/03/contents/contents.html
_yClick Here to Access eBook
942 _cEB
999 _c20642
_d20642